ბათუმის შოთა რუსთაველის სახელმწიფო უნივერსიტეტის ბიბლიოთეკა

ინდივიდუალური საგანმანათლებლო გეგმა ისგ (ბიბ.ჩანაწერი № 34802)

000 -LEADER
fixed length control field 01209nam a2200265Ia 4500
001 - CONTROL NUMBER
control field 612
003 - CONTROL NUMBER IDENTIFIER
control field GE_BSU
008 - FIXED-LENGTH DATA ELEMENTS--GENERAL INFORMATION
fixed length control field 181216s||||||||xx |||||||||||||| ||und||
020 ## - INTERNATIONAL STANDARD BOOK NUMBER
International Standard Book Number 9789941416149
040 ## - CATALOGING SOURCE
Transcribing agency GE_BSU
080 ## - UNIVERSAL DECIMAL CLASSIFICATION NUMBER
Universal Decimal Classification number 376.3
100 ## - MAIN ENTRY--PERSONAL NAME
Personal name გოგიჩაძე და სხვ.
245 ## - TITLE STATEMENT
Title ინდივიდუალური საგანმანათლებლო გეგმა ისგ
245 ## - TITLE STATEMENT
Remainder of title გზამკვლევი მასწავლებლებისა და სასკოლო ადმინისტრაციისათვის
245 ## - TITLE STATEMENT
Statement of responsibility, etc. მხატვ. ზურაბ სულაკაური
260 ## - PUBLICATION, DISTRIBUTION, ETC.
Place of publication, distribution, etc. თბილისი
260 ## - PUBLICATION, DISTRIBUTION, ETC.
Name of publisher, distributor, etc. ნეკერი
260 ## - PUBLICATION, DISTRIBUTION, ETC.
Date of publication, distribution, etc. 2009
300 ## - PHYSICAL DESCRIPTION
Extent 83 გვ.
653 ## - INDEX TERM--UNCONTROLLED
Uncontrolled term გზამკვლევი მასწავლებლებისა და სასკოლო ადმინისტრაციისათვის
653 ## - INDEX TERM--UNCONTROLLED
Uncontrolled term ინდივიდუალური საგანმანათლებლო გეგმა ისგ
653 ## - INDEX TERM--UNCONTROLLED
Uncontrolled term ინკლუზიური განათლება;
942 ## - ADDED ENTRY ELEMENTS (KOHA)
Koha item type წიგნი
ეგზემპლარები
Withdrawn status Lost status Damaged status Not for loan Date acquired Barcode Date last seen Price effective from Koha item type
        2018-12-17 1175 2018-12-17 2018-12-17 წიგნი